[Event "Bayerische EM 2023 - Allgemeine Gruppe"]
[Site "Rosenheim"]
[Date "2023.08.22"]
[Round "4.1"]
[White "Reimann, Sebastian"]
[Black "Maurer, Jochen"]
[Result "1-0"]
[WhiteElo "2277"]
[BlackElo "2184"]
[PlyCount "85"]
[EventDate "2023.??.??"]
[WhiteTeam "SK Kriegshaber"]
[BlackTeam "SG Pang-Rosenheim 1910 e.V."]

1. e4 c5 2. Nf3 e6 3. g3 d5 4. exd5 exd5 5. Bb5+ Bd7 6. Bxd7+ Nxd7 7. O-O Bd6
8. d4 c4 9. Nc3 Ne7 10. Nh4 Bb4 11. Qf3 Bxc3 12. bxc3 O-O 13. Ba3 Re8 14. Bxe7
Qxe7 15. Qxd5 Nb6 16. Qf3 Qe2 17. Qxb7 Qxc2 18. Rfc1 Qd3 19. a4 Rab8 20. Qf3 g5
21. a5 gxh4 22. Qxd3 cxd3 23. axb6 Rxb6 24. Rd1 h3 25. Rxd3 a5 26. g4 Rg6 27.
Rxh3 Rxg4+ 28. Kf1 Ra8 29. Ra4 f5 30. Ke2 Kf7 31. Rxh7+ Kg6 32. Re7 Rh4 33.
Re6+ Kg5 34. Re5 Rxh2 35. Raxa5 Rf8 36. Re3 Kf4 37. Rf3+ Kg4 38. Rg3+ Kf4 39.
Re5 Rf6 40. Ree3 Rb6 41. Rgf3+ Kg4 42. Re8 Rg6 43. Rg3+ 1-0

[Event "Bayerische EM 2023 - Allgemeine Gruppe"]
[Site "Rosenheim"]
[Date "2023.08.22"]
[Round "4.2"]
[White "Miller, Eduard"]
[Black "Goldbeck, Lars"]
[Result "1/2-1/2"]
[WhiteElo "2324"]
[BlackElo "2260"]
[PlyCount "117"]
[EventDate "2023.??.??"]
[WhiteTeam "SC Erlangen 48/88"]
[BlackTeam "SGem Aschheim/Feldkirchen/Kirchh"]

1. d4 d5 2. Bf4 c5 3. e3 cxd4 4. exd4 Nc6 5. Nf3 Bf5 6. Nbd2 e6 7. c3 Bd6 8.
Bxd6 Qxd6 9. Nh4 Nf6 10. Nxf5 exf5 11. Bd3 g6 12. O-O O-O 13. a4 Rac8 14. a5 a6
15. Nb3 Ng4 16. g3 Qc7 17. Qf3 Nf6 18. Ra2 Kg7 19. Rfa1 Ne4 20. Qg2 Rfe8 21. f3
Ng5 22. Nc5 f4 23. b4 Re3 24. Rf1 Ne6 25. Re2 Rxe2 26. Bxe2 Nxc5 27. dxc5 Qe5
28. Rd1 Re8 29. Bf1 fxg3 30. Rd3 gxh2+ 31. Qxh2 Qg5+ 32. Qg2 Qf6 33. Qf2 Ne5
34. Rxd5 Nxf3+ 35. Kg2 Ne1+ 36. Kg1 Qxc3 37. Rd7 Nf3+ 38. Kg2 Ng5 39. Qd4+ Qxd4
40. Rxd4 Re4 41. Rxe4 Nxe4 42. c6 bxc6 43. Bxa6 Nd6 44. Bb7 Kf6 45. a6 Nc4 46.
a7 Nb6 47. Bxc6 Ke6 48. Kf3 Kd6 49. Bb7 Kc7 50. Bd5 f5 51. a8=Q Nxa8 52. Bxa8
Kb6 53. Kf4 Kb5 54. Bd5 Kxb4 55. Be6 Kc5 56. Bxf5 gxf5 57. Kxf5 h5 58. Kg5 h4
59. Kxh4 1/2-1/2

[Event "Bayerische EM 2023 - Allgemeine Gruppe"]
[Site "Rosenheim"]
[Date "2023.08.22"]
[Round "4.3"]
[White "Kolb, Tobias"]
[Black "Schatz, Christian"]
[Result "1/2-1/2"]
[WhiteElo "2302"]
[BlackElo "2153"]
[PlyCount "70"]
[EventDate "2023.??.??"]
[WhiteTeam "SC 1868 Bamberg"]
[BlackTeam "SC Postbauer-Heng e.V"]

1. d4 Nf6 2. c4 c5 3. d5 b5 4. cxb5 a6 5. bxa6 Bxa6 6. Nc3 d6 7. e4 Qa5 8. Bxa6
Nxa6 9. Qe2 g6 10. Nf3 Bg7 11. O-O O-O 12. Nd2 Nb4 13. Nc4 Qa6 14. a4 Rfb8 15.
Nd1 Re8 16. Nc3 e6 17. Nxd6 Qxd6 18. e5 Qd8 19. exf6 exd5 20. Qd1 Bxf6 21. Bf4
c4 22. Qf3 Be5 23. Rad1 Bxf4 24. Qxf4 Nd3 25. Qd4 Ra5 26. b3 Qg5 27. h4 Qe5 28.
Qxe5 Rxe5 29. Rd2 Ra8 30. bxc4 dxc4 31. Rb1 Rea5 32. Rb7 Nc5 33. Rc7 Nxa4 34.
Rxc4 Nxc3 35. Rxc3 Ra1+ 1/2-1/2

[Event "Bayerische EM 2023 - Allgemeine Gruppe"]
[Site "Rosenheim"]
[Date "2023.08.22"]
[Round "4.4"]
[White "Fuchs, Florian"]
[Black "Schlichtmann, Robin"]
[Result "0-1"]
[WhiteElo "2096"]
[BlackElo "2277"]
[PlyCount "68"]
[EventDate "2023.??.??"]
[WhiteTeam "DJK SF Haselbach"]
[BlackTeam "SC Garching 1980 e.V."]

1. e4 e5 2. Nf3 Nc6 3. Bb5 Nf6 4. O-O Nxe4 5. Re1 Nd6 6. Nxe5 Be7 7. Bf1 Nxe5
8. Rxe5 O-O 9. d4 Bf6 10. Bd3 Bxe5 11. dxe5 Ne8 12. Nc3 d6 13. Qh5 g6 14. Qh6
Qe7 15. exd6 cxd6 16. Nd5 Qe1+ 17. Bf1 Qe5 18. c4 Qg7 19. Qh4 h5 20. Bd2 Be6
21. Ne7+ Kh7 22. Re1 Nc7 23. Bd3 f5 24. g4 Rae8 25. Bg5 Rf7 26. c5 dxc5 27.
Nxf5 Bxf5 28. Rxe8 Bxd3 29. Re3 Qd4 30. Qh3 Be4 31. gxh5 Qd1+ 32. Qf1 Qxf1+ 33.
Kxf1 Bd5 34. hxg6+ Kxg6 0-1

[Event "Bayerische EM 2023 - Allgemeine Gruppe"]
[Site "Rosenheim"]
[Date "2023.08.22"]
[Round "4.5"]
[White "Becker, Tobias"]
[Black "Lohvinov, Petro"]
[Result "1/2-1/2"]
[WhiteElo "2111"]
[BlackElo "2237"]
[PlyCount "69"]
[EventDate "2023.??.??"]
[WhiteTeam "Kronacher SK 1882 e.V."]
[BlackTeam "SK München Südost e.V."]

1. e4 c5 2. Nf3 e6 3. d4 cxd4 4. Nxd4 a6 5. c4 Nf6 6. Nc3 Qc7 7. a3 b6 8. f4
Bb7 9. Bd3 d6 10. f5 e5 11. Nc2 Nbd7 12. Bg5 Be7 13. O-O h6 14. Bxf6 Nxf6 15.
Kh1 O-O 16. Qe2 Rfc8 17. Ne3 Qd8 18. Ng4 Rab8 19. Nxf6+ Bxf6 20. Rad1 Qc7 21.
Rf3 Qc5 22. Qf2 Bc6 23. Bf1 Qxf2 24. Rxf2 Be7 25. a4 Rd8 26. Rfd2 g6 27. fxg6
fxg6 28. c5 dxc5 29. Rxd8+ Rxd8 30. Rxd8+ Bxd8 31. Bxa6 Kf8 32. Kg1 Bg5 33. Kf2
Bd2 34. Nd5 Bxd5 35. exd5 1/2-1/2

[Event "Bayerische EM 2023 - Allgemeine Gruppe"]
[Site "Rosenheim"]
[Date "2023.08.22"]
[Round "4.6"]
[White "Niedermeier, Thomas"]
[Black "Kerkhoff, Jan"]
[Result "1/2-1/2"]
[WhiteElo "2223"]
[BlackElo "1940"]
[PlyCount "101"]
[EventDate "2023.??.??"]
[WhiteTeam "SV Ilmmünster"]
[BlackTeam "SC Unterhaching e.V."]

1. e4 e5 2. Nf3 Nc6 3. Bb5 a6 4. Ba4 b5 5. Bb3 Bc5 6. c3 d6 7. d4 exd4 8. cxd4
Bb6 9. h3 Nf6 10. O-O O-O 11. Nc3 Bb7 12. e5 dxe5 13. dxe5 Nd7 14. e6 Nde5 15.
Nxe5 Qxd1 16. exf7+ Kh8 17. Rxd1 Nxe5 18. Be3 Bxe3 19. fxe3 c5 20. Bd5 Bxd5 21.
Rxd5 Nc4 22. Rxc5 Rxf7 23. a4 Raf8 24. axb5 axb5 25. Rxb5 Nxe3 26. Re1 Rf1+ 27.
Rxf1 Rxf1+ 28. Kh2 Kg8 29. g4 Rc1 30. Kg3 Nc4 31. Nd5 Rb1 32. Rb8+ Kf7 33. Rb7+
Kg6 34. Ne7+ Kf6 35. Nd5+ Kg6 36. b4 Rb3+ 37. Kf2 Ne5 38. b5 h5 39. gxh5+ Kxh5
40. b6 Nc4 41. Rxg7 Nxb6 42. Nf4+ Kh6 43. Rg4 Nd7 44. Rg6+ Kh7 45. Re6 Nc5 46.
Re7+ Kh6 47. Kg2 Kg5 48. Nd5 Nd3 49. Re4 Kf5 50. Ra4 Ke5 51. Ra5 1/2-1/2

[Event "Bayerische EM 2023 - Allgemeine Gruppe"]
[Site "Rosenheim"]
[Date "2023.08.22"]
[Round "4.7"]
[White "Stöttner, Lukas"]
[Black "Schmid, Roland"]
[Result "1/2-1/2"]
[WhiteElo "2066"]
[BlackElo "2212"]
[PlyCount "148"]
[EventDate "2023.??.??"]
[WhiteTeam "SK Landau-Dingolfing"]
[BlackTeam "SG Post/Süd Regensburg"]

1. e4 e6 2. d4 d5 3. Nc3 Nf6 4. e5 Nfd7 5. f4 c5 6. Nf3 a6 7. Be3 Qb6 8. Na4
Qa5+ 9. c3 cxd4 10. b4 Qc7 11. Qxd4 f6 12. exf6 gxf6 13. Be2 Nc6 14. Qd2 b5 15.
Nb2 Ne7 16. a4 bxa4 17. Nd4 Qd6 18. Bh5+ Kd8 19. c4 Nb8 20. c5 Qc7 21. Nc4 Nec6
22. Nb6 Qxb6 23. Nxe6+ Bxe6 24. cxb6 Bxb4 25. Qxb4 Nxb4 26. b7 Ra7 27. Bxa7 Kc7
28. Rxa4 N4c6 29. Be3 Kxb7 30. Ke2 Bf5 31. Bf3 Rd8 32. Rc1 Kc7 33. g4 Be6 34.
Bd4 f5 35. g5 Kd6 36. Bc5+ Kc7 37. h4 Bf7 38. h5 a5 39. Bd4 Kd6 40. Bc5+ Kc7
41. Bd4 Kd6 42. Bb6 Re8+ 43. Kd2 Nd7 44. Bxa5 Rb8 45. Ra3 Rb5 46. Bc3 Nc5 47.
Ra8 Nb3+ 48. Kd1 Nxc1 49. g6 Bxg6 50. hxg6 hxg6 51. Kxc1 Rc5 52. Kd2 Rc4 53.
Rg8 Rxf4 54. Rxg6+ Kc5 55. Be2 d4 56. Bb2 Ne5 57. Ba3+ Kd5 58. Rd6+ Ke4 59. Bc5
Nf3+ 60. Bxf3+ Kxf3 61. Bxd4 Re4 62. Kd3 Re8 63. Ra6 Re1 64. Ra2 Rd1+ 65. Kc4
f4 66. Kd5 Re1 67. Rd2 Re2 68. Rd1 Kg2 69. Rg1+ Kh3 70. Be5 Rxe5+ 71. Kxe5 f3
72. Ke4 f2 73. Rf1 Kg2 74. Rxf2+ Kxf2 1/2-1/2

[Event "Bayerische EM 2023 - Allgemeine Gruppe"]
[Site "Rosenheim"]
[Date "2023.08.22"]
[Round "4.8"]
[White "Bergauz, Avigdor"]
[Black "Böhme, Markus"]
[Result "1-0"]
[WhiteElo "2197"]
[BlackElo "2144"]
[PlyCount "181"]
[EventDate "2023.??.??"]
[WhiteTeam "SK München Südost e.V."]
[BlackTeam "SC Uttenreuth e.V."]

1. c4 e5 2. Nc3 Nc6 3. g3 f5 4. Bg2 Nf6 5. d3 Bb4 6. Bd2 O-O 7. Nd5 Bxd2+ 8.
Qxd2 d6 9. e3 Ne7 10. Ne2 c6 11. Nxf6+ Rxf6 12. f4 a5 13. O-O Be6 14. Qc3 Ng6
15. fxe5 dxe5 16. d4 Qc7 17. h4 e4 18. h5 Ne7 19. Nf4 Bf7 20. Kf2 Qd6 21. Rfc1
Rh6 22. Rh1 Qb4 23. Rac1 Rd6 24. Qc2 a4 25. Bf1 c5 26. d5 Nc6 27. Qc3 Qxc3 28.
bxc3 Ne5 29. Rb1 b6 30. a3 Be8 31. Be2 Bd7 32. Rb2 Kf7 33. Rh2 Bc8 34. Rh1 Ke7
35. Rhb1 Ra6 36. Nh3 Kf6 37. Nf4 Ke7 38. Nh3 Kf6 39. Nf4 Bd7 40. Kg2 Ke7 41.
Nh3 Kf6 42. Nf2 g6 43. g4 Kg5 44. Kg3 gxh5 45. Nh3+ Kg6 46. gxh5+ Kf6 47. Kf4
h6 48. Kg3 Be8 49. Nf2 Kg5 50. Nh3+ Kf6 51. Kh4 Nf7 52. Rg1 Ne5 53. Nf2 Ra7 54.
Rf1 Kg7 55. Nh3 Kf6 56. Nf4 Bf7 57. Rfb1 Ra6 58. Nh3 Be8 59. Nf2 Bf7 60. Nh1
Nd7 61. Ng3 Ke5 62. Nxf5 Rf6 63. Ng3 Rf2 64. Bg4 Rxb2 65. Rxb2 Nf6 66. Rf2 Nxg4
67. Kxg4 Ra7 68. Rf5+ Kd6 69. Nxe4+ Ke7 70. Re5+ Kf8 71. Nd6 Rd7 72. Nxf7 Kxf7
73. e4 Rb7 74. Re6 b5 75. Rxh6 b4 76. cxb4 cxb4 77. axb4 Rxb4 78. Ra6 Rxc4 79.
Kf5 Kg7 80. e5 Rh4 81. Ke6 Rxh5 82. Ra7+ Kf8 83. Ra8+ Kg7 84. Rxa4 Rh6+ 85. Ke7
Rh5 86. Rg4+ Kh6 87. Kd6 Kh7 88. e6 Rh6 89. Kd7 Rf6 90. e7 Rf8 91. exf8=R 1-0

[Event "Bayerische EM 2023 - Allgemeine Gruppe"]
[Site "Rosenheim"]
[Date "2023.08.22"]
[Round "4.9"]
[White "Vollnhals, Michael"]
[Black "Uebele, Peter"]
[Result "1/2-1/2"]
[WhiteElo "2006"]
[BlackElo "2168"]
[PlyCount "21"]
[EventDate "2023.??.??"]
[WhiteTeam "TSV Grossmehring"]
[BlackTeam "SC Waldkraiburg"]

1. e4 c6 2. d4 d5 3. Nc3 dxe4 4. Nxe4 Nf6 5. Nxf6+ exf6 6. Bc4 Na6 7. Ne2 Nc7
8. O-O Bd6 9. Bf4 Be6 10. Bxe6 Nxe6 11. Bxd6 1/2-1/2

[Event "Bayerische EM 2023 - Allgemeine Gruppe"]
[Site "Rosenheim"]
[Date "2023.08.22"]
[Round "4.10"]
[White "Sesselmann, Christoph"]
[Black "Heidrich, Manfred"]
[Result "1/2-1/2"]
[WhiteElo "2020"]
[BlackElo "2332"]
[PlyCount "65"]
[EventDate "2023.??.??"]
[WhiteTeam "SK 1907 Kulmbach"]
[BlackTeam "SC Forchheim e.V."]

1. e4 c5 2. Ne2 Nc6 3. g3 d5 4. Bg2 Nf6 5. exd5 Nxd5 6. O-O e6 7. Nbc3 Nxc3 8.
Nxc3 Qd7 9. d3 b6 10. Be3 Bb7 11. Qd2 Be7 12. Rae1 O-O 13. f4 Rad8 14. Qf2 Bf6
15. g4 Ne7 16. Bxb7 Qxb7 17. Qg2 Qxg2+ 18. Kxg2 Nd5 19. Nxd5 Rxd5 20. b3 Bc3
21. Re2 Rfd8 22. Ref2 f5 23. h3 Kf7 24. Bd2 Bxd2 25. Rxd2 b5 26. Re2 R8d6 27.
Rfe1 Ra6 28. c4 Rxd3 29. cxb5 Rad6 30. gxf5 exf5 31. Re7+ Kf6 32. Rxa7 Rc3 33.
Ra6 1/2-1/2

[Event "Bayerische EM 2023 - Allgemeine Gruppe"]
[Site "Rosenheim"]
[Date "2023.08.22"]
[Round "4.11"]
[White "Albert, Markus"]
[Black "Biedenkopf, Philipp"]
[Result "1-0"]
[WhiteElo "2256"]
[BlackElo "1978"]
[PlyCount "57"]
[EventDate "2023.??.??"]
[WhiteTeam "SC Ansbach 1855 e.V."]
[BlackTeam "SK Passau 1869"]

1. Nc3 d5 2. e4 d4 3. Nce2 e5 4. Ng3 Be6 5. b3 Nc6 6. Nf3 f6 7. Bc4 Bxc4 8.
bxc4 d3 9. O-O g6 10. Rb1 Bc5 11. Rb3 dxc2 12. Qxc2 Nge7 13. Rd1 Nd4 14. Nxd4
Qxd4 15. d3 O-O-O 16. Rb5 Qd6 17. Be3 Bd4 18. Ne2 a6 19. Rb3 Nc6 20. c5 Qe6 21.
Rdb1 Na5 22. Rb4 Qc6 23. Bxd4 exd4 24. Nxd4 Qe8 25. Ra4 Nc6 26. Qb2 Rxd4 27.
Qxb7+ Kd7 28. Rxd4+ Nxd4 29. Qd5+ 1-0

[Event "Bayerische EM 2023 - Allgemeine Gruppe"]
[Site "Rosenheim"]
[Date "2023.08.22"]
[Round "4.12"]
[White "Kessler, Jan"]
[Black "Lang, Zalan Andreas"]
[Result "0-1"]
[WhiteElo "2094"]
[BlackElo "2221"]
[PlyCount "100"]
[EventDate "2023.??.??"]
[WhiteTeam "SC Unterhaching e.V."]
[BlackTeam "SAbt TSV Haunstetten"]

1. e4 c5 2. Nc3 Nc6 3. g3 g6 4. Bg2 Bg7 5. d3 d6 6. Nge2 e6 7. O-O Nge7 8. Bg5
O-O 9. Qd2 b5 10. e5 d5 11. f4 Qb6 12. Bxe7 Nxe7 13. Rae1 Bb7 14. g4 b4 15. Nd1
f6 16. exf6 Bxf6 17. f5 exf5 18. g5 Be5 19. Nf4 Qd6 20. Rxe5 Qxe5 21. Re1 Qd6
22. Re6 Qc7 23. h4 Rad8 24. h5 Rd6 25. Qe2 Rxe6 26. Nxe6 Qd6 27. Nxf8 Kxf8 28.
Nf2 Qg3 29. d4 c4 30. Qe6 Qxg5 31. Nh3 Qxh5 32. Qf6+ Ke8 33. Nf4 Qd1+ 34. Kh2
Qe1 35. Ne6 Bc8 36. Nc5 Qe3 37. Bxd5 Nxd5 38. Qc6+ Ke7 39. Qxd5 Qe2+ 40. Kg1
Qd1+ 41. Kh2 Qxc2+ 42. Kg3 f4+ 43. Kf3 Qf5 44. Qxc4 Qg4+ 45. Kf2 Qg3+ 46. Ke2
Qe3+ 47. Kd1 Bg4+ 48. Kc2 Qe2+ 49. Kb3 Qxc4+ 50. Kxc4 Bf5 0-1

[Event "Bayerische EM 2023 - Allgemeine Gruppe"]
[Site "Rosenheim"]
[Date "2023.08.22"]
[Round "4.13"]
[White "Böhme, Sebastian"]
[Black "Mönius, Alexander"]
[Result "1-0"]
[WhiteElo "2215"]
[BlackElo "1909"]
[PlyCount "111"]
[EventDate "2023.??.??"]
[WhiteTeam "SC Uttenreuth e.V."]
[BlackTeam "SC Höchstadt/Aisch"]

1. e4 c5 2. c3 Nf6 3. e5 Nd5 4. Bc4 Nb6 5. Bb3 c4 6. Bc2 d6 7. Nf3 dxe5 8. Nxe5
Qd5 9. Qe2 f6 10. Nf3 Qe6 11. d4 cxd3 12. Bxd3 Qxe2+ 13. Kxe2 e5 14. Re1 Be7
15. Kf1 Kf7 16. a4 a5 17. Na3 Be6 18. Nb5 Na6 19. Nd2 Nc5 20. Bc2 Rac8 21. Ne4
Nxe4 22. Bxe4 Bd5 23. Be3 Bc4+ 24. Kg1 Nd5 25. Bxd5+ Bxd5 26. Red1 Bb3 27. Rd7
Rhd8 28. Rxb7 Bxa4 29. Kf1 Rb8 30. Rxb8 Rxb8 31. Rxa4 Rxb5 32. Bc1 Ke6 33. Ke2
Bd8 34. Kd3 Rd5+ 35. Kc2 Bb6 36. f3 f5 37. Bd2 Rd7 38. c4 e4 39. fxe4 fxe4 40.
Bxa5 Bxa5 41. Rxa5 Rd4 42. b3 e3 43. Ra8 Rd2+ 44. Kc3 Rxg2 45. Re8+ Kd6 46.
Rxe3 Rxh2 47. b4 Rh1 48. Rd3+ Kc7 49. Rd5 h6 50. b5 g5 51. Kb4 g4 52. Kc5 g3
53. b6+ Kc8 54. Kc6 Rb1 55. Rf5 Rxb6+ 56. Kxb6 1-0

[Event "Bayerische EM 2023 - Allgemeine Gruppe"]
[Site "Rosenheim"]
[Date "2023.08.22"]
[Round "4.14"]
[White "Kocak, Ediz"]
[Black "Kamenskyi, Dmytro"]
[Result "1/2-1/2"]
[WhiteElo "2134"]
[BlackElo "2030"]
[PlyCount "67"]
[EventDate "2023.??.??"]
[WhiteTeam "SGem 1882 Fürth"]
[BlackTeam "SK Kriegshaber"]

1. d4 e6 2. c4 Nf6 3. Nf3 d5 4. g3 Be7 5. Bg2 O-O 6. O-O dxc4 7. Qc2 a6 8. a4
Bd7 9. Qxc4 Bc6 10. Bg5 Bd5 11. Qc2 Be4 12. Qc1 Nc6 13. e3 Nb4 14. Nc3 Bxf3 15.
Bxf3 c6 16. a5 h6 17. Bxf6 Bxf6 18. Rd1 Qc7 19. Ne4 Nd5 20. Nxf6+ Nxf6 21. e4
Rac8 22. Qc3 Rfd8 23. Rac1 Qd7 24. Kg2 Qe8 25. h4 Qd7 26. Qb4 Rb8 27. g4 Qc7
28. e5 Nd5 29. Qd2 Qe7 30. Kg3 Qb4 31. Qe2 Ne7 32. Rc4 Qxa5 33. Be4 Rbc8 34. g5
1/2-1/2

[Event "Bayerische EM 2023 - Allgemeine Gruppe"]
[Site "Rosenheim"]
[Date "2023.08.22"]
[Round "4.15"]
[White "Bunk, Wolfgang"]
[Black "Willim, Michael"]
[Result "0-1"]
[WhiteElo "1983"]
[BlackElo "2119"]
[PlyCount "90"]
[EventDate "2023.??.??"]
[WhiteTeam "SC Bavaria Regensburg von 1881 e"]
[BlackTeam "SC Erlangen 48/88"]

1. d4 d5 2. Bf4 c5 3. e3 Nc6 4. Nf3 Bf5 5. c3 Qb6 6. Qb3 c4 7. Qxb6 axb6 8.
Nbd2 Nf6 9. a3 h6 10. h3 e6 11. g4 Bh7 12. Bg2 b5 13. Rc1 Nd7 14. Ne5 Nb6 15.
Nxc6 bxc6 16. e4 Na4 17. Rc2 Be7 18. f3 O-O 19. Ke2 Rfe8 20. Nf1 f6 21. Rd2 Bf8
22. e5 Nxc3+ 23. bxc3 Rxa3 24. Ne3 Rxc3 25. Ra1 Ra3 26. Rxa3 Bxa3 27. exf6 gxf6
28. Nd1 Bc1 29. Bxh6 b4 30. Be3 Bxd2 31. Bxd2 c3 32. Nxc3 bxc3 33. Bxc3 Ra8 34.
Bf1 Ra3 35. Kd2 Ra2+ 36. Ke3 Rc2 37. Bb4 e5 38. g5 fxg5 39. Be7 Rc3+ 40. Kf2
exd4 41. Bxg5 Rc2+ 42. Ke1 Kf7 43. h4 c5 44. Bb5 Rb2 45. Bc6 Ke6 0-1

[Event "Bayerische EM 2023 - Allgemeine Gruppe"]
[Site "Rosenheim"]
[Date "2023.08.22"]
[Round "4.17"]
[White "Schulz, Lukas"]
[Black "Steinhauer, Artur"]
[Result "1-0"]
[WhiteElo "2347"]
[BlackElo "1953"]
[PlyCount "89"]
[EventDate "2023.??.??"]
[WhiteTeam "SC Erlangen 48/88"]
[BlackTeam "SC Bavaria Regensburg von 1881 e"]

1. e4 c6 2. Nc3 d5 3. g3 dxe4 4. Nxe4 Nf6 5. Bg2 Nxe4 6. Bxe4 e5 7. Bg2 Bc5 8.
d3 O-O 9. Nf3 Re8 10. O-O f6 11. b3 Bg4 12. h3 Bd4 13. Rb1 Bxf3 14. Qxf3 Na6
15. Bd2 Nc7 16. Qh5 Ne6 17. Rbe1 Qd7 18. h4 Qf7 19. Qg4 Rad8 20. Kh2 Bb6 21.
Bh3 Nd4 22. c3 Ne6 23. d4 Nc7 24. Be3 exd4 25. Bxd4 Bxd4 26. cxd4 Qd5 27. Bg2
Qxd4 28. Rxe8+ Nxe8 29. Qe6+ Kf8 30. Re1 Qd6 31. Qe4 g6 32. Qe3 a6 33. Qh6+ Kg8
34. h5 Qf8 35. Qf4 Nd6 36. Re6 Nf5 37. g4 Nh6 38. hxg6 hxg6 39. g5 fxg5 40.
Qxg5 Nf5 41. Rxg6+ Ng7 42. Rxg7+ Qxg7 43. Qxd8+ Kh7 44. Be4+ Kh6 45. Qh4# 1-0

[Event "Bayerische EM 2023 - Allgemeine Gruppe"]
[Site "Rosenheim"]
[Date "2023.08.22"]
[Round "4.18"]
[White "Ziemann, Ulrich"]
[Black "Kaiser, Richard"]
[Result "0-1"]
[WhiteElo "1921"]
[BlackElo "2053"]
[PlyCount "24"]
[EventDate "2023.??.??"]
[WhiteTeam "SC Bad Kötzting e.V."]
[BlackTeam "SK Passau 1869"]

1. e4 c5 2. Nc3 e6 3. d4 cxd4 4. Qxd4 Nc6 5. Qd2 Nf6 6. Bb5 Qa5 7. f3 Bb4 8.
Nge2 O-O 9. O-O d5 10. a3 Bxc3 11. Nxc3 d4 12. Nd5 exd5 0-1

[Event "Bayerische EM 2023 - Allgemeine Gruppe"]
[Site "Rosenheim"]
[Date "2023.08.22"]
[Round "4.19"]
[White "Krämer, Max"]
[Black "Bratu, Mircea"]
[Result "1/2-1/2"]
[WhiteElo "2044"]
[BlackElo "1891"]
[PlyCount "75"]
[EventDate "2023.??.??"]
[WhiteTeam "SK Caissa Augsburg"]
[BlackTeam "SG Schwabing München Nord e.V."]

1. e4 c5 2. Nf3 Nc6 3. d4 cxd4 4. Nxd4 Nf6 5. Nc3 e5 6. Ndb5 d6 7. Bg5 a6 8.
Na3 b5 9. Nd5 Be7 10. Bxf6 Bxf6 11. c3 Ne7 12. Nxe7 Bxe7 13. Bd3 Bb7 14. O-O d5
15. Qg4 O-O 16. Nc2 Qc8 17. Qxc8 Rfxc8 18. Rfe1 f6 19. exd5 Bxd5 20. Ne3 Bf7
21. Be4 Rab8 22. Bd5 b4 23. c4 Bc5 24. b3 Bd4 25. Rad1 Bxd5 26. Nxd5 Kf7 27. g4
a5 28. Kg2 Rb7 29. f4 a4 30. fxe5 Bxe5 31. Rd3 axb3 32. axb3 Ra8 33. Re2 Ra3
34. Rf3 Bc3 35. Rc2 Rxb3 36. Nxc3 Rxc3 37. Rcxc3 bxc3 38. Rxc3 1/2-1/2

[Event "Bayerische EM 2023 - Allgemeine Gruppe"]
[Site "Rosenheim"]
[Date "2023.08.22"]
[Round "4.20"]
[White "Gold, Florian"]
[Black "Luhn, Robert"]
[Result "1-0"]
[WhiteElo "1851"]
[BlackElo "1977"]
[PlyCount "81"]
[EventDate "2023.??.??"]
[WhiteTeam "SK Kelheim 1920"]
[BlackTeam "SK Caissa Augsburg"]

1. d4 d5 2. c4 c6 3. Nc3 Nf6 4. e3 e6 5. Nf3 Nbd7 6. Qc2 Bd6 7. g4 dxc4 8. Bxc4
b5 9. Be2 Bb7 10. g5 Nd5 11. Ne4 Be7 12. Bd2 Qb6 13. Rc1 O-O 14. Nc5 Nxc5 15.
dxc5 Qc7 16. h4 Bc8 17. Bd3 f5 18. gxf6 Nxf6 19. Bc3 Ng4 20. Bxh7+ Kh8 21. Ng5
e5 22. Bg6 b4 23. Bf7 Nf6 24. Bxb4 e4 25. Be6 Qe5 26. Bc3 Qxc5 27. Bxc8 Raxc8
28. Bxf6 Qxc2 29. Bxg7+ Kxg7 30. Rxc2 Bxg5 31. hxg5 Rf5 32. Rh4 Re5 33. Rc4 Rb8
34. b3 Ra5 35. Rhxe4 Rxa2 36. Rxc6 Rxb3 37. Kf1 Rbb2 38. Rf4 a5 39. g6 Rb7 40.
Rh4 Kg8 41. Rc8+ 1-0

[Event "Bayerische EM 2023 - Allgemeine Gruppe"]
[Site "Rosenheim"]
[Date "2023.08.22"]
[Round "4.21"]
[White "Sesselmann, Moritz"]
[Black "Fuchs, Michael"]
[Result "1/2-1/2"]
[WhiteElo "1697"]
[BlackElo "1988"]
[PlyCount "48"]
[EventDate "2023.??.??"]
[WhiteTeam "SK 1907 Kulmbach"]
[BlackTeam "DJK SF Haselbach"]

1. c4 Nf6 2. g3 e5 3. Bg2 c6 4. Nf3 e4 5. Nd4 Bc5 6. Nc2 O-O 7. O-O d5 8. cxd5
cxd5 9. d3 h6 10. Nc3 Qe7 11. dxe4 dxe4 12. Be3 Bxe3 13. Nxe3 Nc6 14. Qa4 Re8
15. Rfd1 Rb8 16. Nb5 Bg4 17. Nd6 Red8 18. Nxg4 Rxd6 19. Rxd6 Qxd6 20. Rd1 Qe6
21. Nxf6+ Qxf6 22. Bxe4 Qxb2 23. Bxc6 bxc6 24. Qxa7 Rf8 1/2-1/2

[Event "Bayerische EM 2023 - Allgemeine Gruppe"]
[Site "Rosenheim"]
[Date "2023.08.22"]
[Round "4.22"]
[White "Mazatis, Benjamin"]
[Black "Paar, Johannes"]
[Result "1/2-1/2"]
[WhiteElo "1731"]
[BlackElo "1953"]
[PlyCount "98"]
[EventDate "2023.??.??"]
[WhiteTeam "SK Bruckmühl e.V."]
[BlackTeam "SK Schwandorf"]

1. d4 Nf6 2. c4 e6 3. Nf3 b6 4. g3 Ba6 5. b3 Bb4+ 6. Bd2 Be7 7. Bg2 c6 8. O-O
O-O 9. Qc2 d5 10. Rd1 Nbd7 11. Bg5 Rc8 12. Nbd2 h6 13. Bf4 c5 14. e3 cxd4 15.
exd4 dxc4 16. bxc4 b5 17. c5 Nd5 18. Be3 N7b6 19. Qb3 Na4 20. Rac1 Qa5 21. Nb1
Rfd8 22. Ne5 Qc7 23. Nd3 Nxe3 24. fxe3 Bg5 25. Ne5 Bf6 26. Nc6 Re8 27. Na3 Rb8
28. Nxb8 Rxb8 29. Nc2 Bb7 30. Ne1 Bxg2 31. Nxg2 a6 32. Qc2 Qc6 33. a3 Rc8 34.
Ne1 h5 35. Nd3 h4 36. Qg2 Qc7 37. Nf4 hxg3 38. hxg3 g5 39. Nd3 Kg7 40. Nf2 Nb2
41. Re1 Nc4 42. Rc3 Qa5 43. Ne4 Be7 44. Rec1 Qc7 45. Rxc4 bxc4 46. Rxc4 Qa5 47.
Qd2 Qxa3 48. Qc3 Qa2 49. Qc2 Qa5 1/2-1/2

[Event "Bayerische EM 2023 - Allgemeine Gruppe"]
[Site "Rosenheim"]
[Date "2023.08.22"]
[Round "4.23"]
[White "Huber, Benedikt"]
[Black "Stichter, Constantin Paul"]
[Result "0-1"]
[WhiteElo "1971"]
[BlackElo "1921"]
[PlyCount "154"]
[EventDate "2023.??.??"]
[WhiteTeam "SK Kelheim 1920"]
[BlackTeam "SG Traunstein/Traunreut e.V."]

1. e4 e6 2. d4 d5 3. Nd2 Nf6 4. e5 Nfd7 5. f4 c5 6. c3 Nc6 7. Ndf3 Qb6 8. h4
cxd4 9. cxd4 Bb4+ 10. Kf2 f6 11. Be3 Ba5 12. Rb1 Qd8 13. a3 Ne7 14. Bd3 a6 15.
Qc2 b5 16. g4 fxe5 17. fxe5 Nf8 18. b4 Bb6 19. Ne2 Bb7 20. Rbf1 Qd7 21. Kg3 h6
22. Nf4 Bc6 23. Nh5 O-O-O 24. Nxg7 Kb7 25. Nh5 Qc7 26. Nf6 Nd7 27. Nxd7 Qxd7
28. Qd2 Rdg8 29. Bxh6 Nf5+ 30. Bxf5 exf5 31. Bg5 fxg4 32. Nh2 Bd8 33. Bf6 Bxf6
34. Rxf6 Qh7 35. Nf1 Qb1 36. Rf7+ Ka8 37. Rh2 Rf8 38. Rhf2 Rxf7 39. Rxf7 Rc8
40. Qf2 Be8 41. Rf8 Qd3+ 42. Kxg4 Bh5+ 43. Kxh5 Qh7+ 44. Kg4 Qg7+ 45. Kh3 Rxf8
46. Qg2 Qf7 47. Ne3 Qe6+ 48. Kh2 Rh8 49. Qg4 Qh6 50. Nf5 Qd2+ 51. Qg2 Qf4+ 52.
Kg1 Qc1+ 53. Kf2 Qc6 54. Qg5 Rf8 55. Kg3 Qc8 56. Kf4 Qc1+ 57. Kg4 Qd1+ 58. Kg3
Qe1+ 59. Kh3 Qf1+ 60. Kg4 Qe2+ 61. Kh3 Qf1+ 62. Kg4 Qg2+ 63. Kh5 Qe4 64. Nh6
Qxd4 65. e6 Qe4 66. e7 Re8 67. Nf5 Qe6 68. Qg6 Rh8+ 69. Nh6 Qe2+ 70. Qg4 Qxe7
71. Qd4 Qe2+ 72. Kg5 Qg2+ 73. Kh5 Re8 74. Qf6 Qe2+ 75. Ng4 Qe6 76. Qf3 Rh8+ 77.
Kg5 Rg8+ 0-1